[Event "CAN-ch U10"]
[Site "Quebec"]
[Date "2018.07.04"]
[Round "5.139"]
[White "Boucher, Samuel"]
[Black "Power, Colin"]
[Result "0-1"]
[WhiteElo "979"]
[BlackElo "802"]
[PlyCount "26"]
[EventDate "2018.07.02"]
[EventType "swiss"]
[EventRounds "7"]
[EventCountry "CAN"]
[SourceTitle "EXT 2022"]
[Source "ChessBase"]
[SourceDate "2021.10.06"]
[SourceVersion "1"]
[SourceVersionDate "2021.10.06"]
[SourceQuality "1"]

1. e4 e5 2. Nf3 Nc6 3. Bb5 Nf6 4. Nc3 Bb4 5. a3 Bxc3 6. dxc3 Nxe4 7. Bxc6 bxc6 8. Nxe5 0-0 9. 0-0 c5 10. Re1 d6 11. Rxe4 dxe5 12. Rxe5 Qxd1+ 13. Re1 Qxe1# 0-1

[Event "CAN-ch U10"]
[Site "Quebec"]
[Date "2018.07.04"]
[Round "6.139"]
[White "Deng, Henry"]
[Black "Boucher, Samuel"]
[Result "1-0"]
[WhiteElo "929"]
[BlackElo "979"]
[PlyCount "23"]
[EventDate "2018.07.02"]
[EventType "swiss"]
[EventRounds "7"]
[EventCountry "CAN"]
[SourceTitle "EXT 2022"]
[Source "ChessBase"]
[SourceDate "2021.10.06"]
[SourceVersion "1"]
[SourceVersionDate "2021.10.06"]
[SourceQuality "1"]

1. e4 e5 2. Bc4 Nf6 3. d3 Be7 4. Bg5 h6 5. Bxf6 Bxf6 6. Nc3 Bh4 7. Qh5 g6 8. Qxe5+ Be7 9. Qxh8+ Bf8 10. Qe5+ Be7 11. Qg7 Bh4 12. Qxf7# 1-0

[Event "CAN-ch U10"]
[Site "Sault Ste Marie"]
[Date "2017.07.06"]
[Round "1"]
[White "Boucher, Samuel"]
[Black "Zhu, Matthew"]
[Result "0-1"]
[WhiteElo "616"]
[BlackElo "1318"]
[PlyCount "64"]
[EventDate "2017.07.06"]
[EventType "swiss"]
[EventRounds "7"]
[EventCountry "CAN"]
[SourceTitle "EXT 2022"]
[Source "ChessBase"]
[SourceDate "2021.10.06"]
[SourceVersion "1"]
[SourceVersionDate "2021.10.06"]
[SourceQuality "1"]

1. e4 c5 2. Nc3 Nc6 3. Nf3 d6 4. Bb5 Bd7 5. 0-0 Nf6 6. Re1 e6 7. d4 cxd4 8. Bg5 dxc3 9. bxc3 a6 10. Ba4 h6 11. Bh4 Rc8 12. Rc1 b5 13. Bb3 a5 14. Re2 a4 15. Bxa4 bxa4 16. e5 dxe5 17. Nxe5 Nxe5 18. Rxe5 Rxc3 19. Qd2 Bb4 20. Rce1 Rc4 21. Rd1 Bxd2 22. Rxd2 Qb8 23. Re1 Ng4 24. g3 g5 25. Red1 Rc7 26. f3 Qb6+ 27. Kg2 Ne3+ 28. Kh3 Nxd1 29. Rxd1 gxh4 30. gxh4 Rg8 31. Rd3 e5+ 32. Rxd7 Qe6# 0-1

[Event "CAN-ch U08"]
[Site "Windsor"]
[Date "2016.07.08"]
[Round "7.131"]
[White "Puri, Arjun"]
[Black "Boucher, Samuel"]
[Result "1-0"]
[WhiteElo "565"]
[BlackElo "647"]
[PlyCount "53"]
[EventDate "2016.07.05"]
[EventType "swiss"]
[EventRounds "7"]
[EventCountry "CAN"]
[SourceTitle "EXT 2022"]
[Source "ChessBase"]
[SourceDate "2021.10.06"]
[SourceVersion "1"]
[SourceVersionDate "2021.10.06"]
[SourceQuality "1"]

1. e4 e5 2. Nf3 Nc6 3. Nc3 Nf6 4. Bc4 Be7 5. 0-0 0-0 6. Ng5 h6 7. Nxf7 Rxf7 8. Bxf7+ Kxf7 9. d3 Qh8 10. Nd5 Nxd5 11. exd5 Nd4 12. Qh5+ g6 13. Qd1 Qf6 14. d6 Bxd6 15. c3 Nb5 16. Qb3+ Ke8 17. d4 a6 18. dxe5 Bxe5 19. Qg8+ Ke7 20. Be3 b6 21. Bxh6 Bf4 22. Qh7+ Kd8 23. Bg7 Qg5 24. Bh6 Qe5 25. Bxf4 Qxf4 26. Qg8+ Qf8 27. Qxf8# 1-0

[Event "CAN-ch U08"]
[Site "Windsor"]
[Date "2016.07.07"]
[Round "5.131"]
[White "Deng, Henry"]
[Black "Boucher, Samuel"]
[Result "0-1"]
[WhiteElo "1050"]
[BlackElo "647"]
[PlyCount "96"]
[EventDate "2016.07.05"]
[EventType "swiss"]
[EventRounds "7"]
[EventCountry "CAN"]
[SourceTitle "EXT 2022"]
[Source "ChessBase"]
[SourceDate "2021.10.06"]
[SourceVersion "1"]
[SourceVersionDate "2021.10.06"]
[SourceQuality "1"]

1. e4 e5 2. Bc4 Nf6 3. Nf3 Nc6 4. 0-0 Be7 5. d3 0-0 6. Bg5 h6 7. Bxf6 Bxf6 8. Nc3 d5 9. Bxd5 Ne7 10. Qd2 Bd7 11. Bxb7 Rb8 12. Nd5 Rxb7 13. Nxe7+ Qxe7 14. c4 Rfb8 15. b3 Bg5 16. Nxg5 hxg5 17. Rae1 Rb6 18. Re3 Ra6 19. Rg3 Rbb6 20. Rxg5 Rb4 21. Qe3 f6 22. Rh5 Qf7 23. Qh3 Bxh3 24. Rxh3 Rxa2 25. Re3 Rxb3 26. g3 Rbb2 27. Ree1 Rxf2 28. Rxf2 Rxf2 29. Kxf2 Qe6 30. Ra1 Qb6+ 31. Ke2 Qb2+ 32. Ke3 Qxa1 33. Kd2 Qb2+ 34. Ke3 Kh7 35. h3 Kg6 36. h4 Qd4+ 37. Kf3 Qxd3+ 38. Kg4 Qxe4+ 39. Kh3 Qf5+ 40. g4 Qf3+ 41. Kh2 Qxg4 42. Kh1 Qxh4+ 43. Kg1 Kf5 44. Kf1 Qe4 45. Kf2 Kf4 46. c5 Qf3+ 47. Kg1 Kg3 48. c6 Qg2# 0-1